Computer networks : (Record no. 9602)

MARC details
000 -LEADER
fixed length control field 01556cam a2200421 a 4500
001 - CONTROL NUMBER
control field 14675825
003 - CONTROL NUMBER IDENTIFIER
control field OSt
005 - DATE AND TIME OF LATEST TRANSACTION
control field 20260214020003.0
008 - FIXED-LENGTH DATA ELEMENTS--GENERAL INFORMATION
fixed length control field 061219s2007 ne a b 001 0 eng
010 ## - LIBRARY OF CONGRESS CONTROL NUMBER
LC control number 2006102454
015 ## - NATIONAL BIBLIOGRAPHY NUMBER
National bibliography number GBA707929
Source bnb
016 7# - NATIONAL BIBLIOGRAPHIC AGENCY CONTROL NUMBER
Record control number 013655409
Source Uk
020 ## - INTERNATIONAL STANDARD BOOK NUMBER
International Standard Book Number 9780123705488
Qualifying information hardcover : alk. paper
020 ## - INTERNATIONAL STANDARD BOOK NUMBER
International Standard Book Number 0123705487
Qualifying information hardcover : alk. paper
020 ## - INTERNATIONAL STANDARD BOOK NUMBER
International Standard Book Number 9780123740137
Qualifying information pbk. : alk. paper
020 ## - INTERNATIONAL STANDARD BOOK NUMBER
International Standard Book Number 0123740134
Qualifying information pbk. : alk. paper
035 ## - SYSTEM CONTROL NUMBER
System control number 14675825
035 ## - SYSTEM CONTROL NUMBER
System control number (OCoLC)77486013
040 ## - CATALOGING SOURCE
Original cataloging agency DLC
Transcribing agency must
Modifying agency BAKER
-- UKM
-- BTCTA
-- C#P
-- YDXCP
-- DLC
050 00 - LIBRARY OF CONGRESS CALL NUMBER
Classification number TK5105.5
Item number .P479 2007
082 00 - DEWEY DECIMAL CLASSIFICATION NUMBER
Classification number 004.6/5
Edition number 22
100 1# - MAIN ENTRY--PERSONAL NAME
Personal name Peterson, Larry L.
9 (RLIN) 19537
245 10 - TITLE STATEMENT
Title Computer networks :
Remainder of title a systems approach /
Statement of responsibility, etc. Larry L. Peterson & Bruce S. Davie.
250 ## - EDITION STATEMENT
Edition statement 4th ed.
260 ## - PUBLICATION, DISTRIBUTION, ETC. (IMPRINT)
Place of publication, distribution, etc. Amsterdam ;
-- Boston :
Name of publisher, distributor, etc. Morgan Kaufmann,
Date of publication, distribution, etc. c2007.
300 ## - PHYSICAL DESCRIPTION
Extent xxvii, 806 p. :
Other physical details ill. ;
Dimensions 25 cm.
336 ## - CONTENT TYPE
Content type term text
Content type code txt
Source rdacontent
337 ## - MEDIA TYPE
Media type term unmediated
Media type code n
Source rdamedia
338 ## - CARRIER TYPE
Carrier type term volume
Carrier type code nc
Source rdacarrier
504 ## - BIBLIOGRAPHY, ETC. NOTE
Bibliography, etc Includes bibliographical references (p. [769]-783) and index.
650 #0 - SUBJECT ADDED ENTRY--TOPICAL TERM
Topical term or geographic name as entry element Computer networks.
9 (RLIN) 19538
700 1# - ADDED ENTRY--PERSONAL NAME
Personal name Davie, Bruce S.
9 (RLIN) 19539
856 42 - ELECTRONIC LOCATION AND ACCESS
Materials specified Publisher description
Uniform Resource Identifier <a href="http://www.loc.gov/catdir/enhancements/fy0704/2006102454-d.html">http://www.loc.gov/catdir/enhancements/fy0704/2006102454-d.html</a>
906 ## - LOCAL DATA ELEMENT F, LDF (RLIN)
a 7
b cbc
c orignew
d 1
e ecip
f 20
g y-gencatlg
942 ## - ADDED ENTRY ELEMENTS (KOHA)
Source of classification or shelving scheme Other/Generic Classification Scheme
Koha item type Book Bank
Koha issues (borrowed), all copies 1
Holdings
Withdrawn status Lost status Source of classification or shelving scheme Damaged status Not for loan Home library Current library Date acquired Source of acquisition Inventory number Total Checkouts Full call number Barcode Date last seen Date last checked out Price effective from Koha item type
    Other/Generic Classification Scheme     MUST Main Library MUST Main Library 13/02/2026 purchase 11/33664 1 004.6/5 2026-0005 27/02/2026 13/02/2026 13/02/2026 Book Bank